000 00728nam a2200241Ia 4500
001 1385
003 GE_BSU
008 181216s||||||||xx |||||||||||||| ||und||
020 _a9785271026447
040 _cGE_BSU
080 _a616-053.2
100 _aАрлин, Эизенберг,Хеиди Санди Э. Хатауэй
245 _aВаш ребенок растет. От года до трех день за днем
245 _bУниверсальное пособие. Пер. с англ.
260 _aМосква
260 _bАстрель
260 _c2008
300 _a717стр.
541 _h25л.
653 _aВаш ребенок растет
653 _aмедицина
942 _cBK
999 _c35524
_d35524